000 00684nam a2200169 a 4500
001 000027399
005 20200930030815.0
008 110329s1997 dr ac 000 0 spa d
040 _aDO-SdBNP
_bspa
_cBNPHU
082 _axxxx
_bM533a
245 0 0 _aMemoria anual 1996 :
_bapoyando la investigación y la transferencia de tecnologías en el sector agropecuario y forestal /
_ccoordinador Luis B. Crouch ; presentación Altagracia Rivera de Castillo.
260 _aSanto Domingo :
_bFundación de Desarrollo Agropecuario,
_c1997.
300 _a75p. :
_bil., retrs. ;
_c27 cm.
700 1 _aCrouch, Luis B.
_ecoor.
_910231
700 1 2 _aRivera de Castillo, Altagracia
_928815
049 _aBNPD
999 _c26891
_d26891